000
00282nam a22001217a 4500
008
240120b |||||||| |||| 00| 0 eng d
100
_a
Bare Act EBC
245
_a
New Legislation on Hindu Law
250
_a
39th
260
_a
Lucknow
_b
EBC
_c
2023
300
_a
149
942
_2
ddc
_c
BK
999
_c
20489
_d
20489